Countries and Capitals Starting with M - One Minute Sprint - Statistics

General Stats
  • This quiz has been taken 76 times
  • The average score is 15 of 36
Answer Stats
country / capital % Correct
Mexico
70%
Mexico City
70%
Monaco
60%
Monaco
60%
Maldives
58%
Mali
58%
Mauritania
56%
Montenegro
56%
Mauritius
54%
Malawi
52%
Myanmar
52%
Mozambique
50%
Malaysia
48%
Malta
48%
Malé
46%
Moldova
46%
Mongolia
46%
Madagascar
44%
Majuro
42%
Morocco
40%
Madrid
36%
Maputo
36%
Marshall Islands
34%
Montevideo
30%
Maseru
26%
Minsk
26%
Malabo
24%
Manama
24%
Manila
24%
Mbabane
24%
Moscow
24%
Managua
20%
Mogadishu
20%
Monrovia
20%
Moroni
18%
Muscat
14%
No matching quizzes found
Score Distribution
Percent of People with Each Score
Percentile by Number Answered
Your Score History
You have not taken this quiz